| 000 | 00895 a2200181 4500 | ||
|---|---|---|---|
| 003 | Nust | ||
| 005 | 20221125152002.0 | ||
| 040 | _cNust | ||
| 082 | _a621.38132,LUE | ||
| 100 |
_a Russell E. Lueg _9103637 |
||
| 245 |
_aBasic electric circuits for engineers / _cRussell E. Lueg & Erwin A. Reinhard |
||
| 260 |
_aScranton, _bInternational Textbook Co. _c1967 |
||
| 300 |
_axix, 379 p _billus. _e24 cm |
||
| 505 | _aBasic Concepts (Page-1), Circuit Analysis Techniques (Page-2), Circuit analysis Using Laplace Transforms (Page-85), Steady-State Sinusoidal Circuit Analysis (Page-130), Computer Solutions (Page-182), Other Network Analysis Methods (Page-244), Networks (Page-267), Three-Phase A-C Circuits (Page-305), Coupled Circuits (Page-322), State Variables in Circuits Analysis (Page-340). | ||
| 600 |
_aRussell E. Lueg _9103638 |
||
| 650 | _aTelecommunication engineering | ||
| 942 |
_2ddc _cBK |
||
| 999 |
_c180069 _d180069 |
||